Govt. of
Madhya Pradesh

Sita WArrior Of Mithila (Record no. 66285)

MARC details
000 -LEADER
fixed length control field 00268nam a22001097a 4500
082 ## - DEWEY DECIMAL CLASSIFICATION NUMBER
Classification number 823/AMI
100 ## - MAIN ENTRY--AUTHOR NAME
Personal name Amish
245 ## - TITLE STATEMENT
Title Sita WArrior Of Mithila
Sub Title Ram Chandra Seriesc Book 2
260 ## - PUBLICATION, DISTRIBUTION, ETC. (IMPRINT)
Place of publication Haryana
Name of publisher HarperCollins Publications
Year of publication 2023
650 ## - SUBJECT ADDED ENTRY--TOPICAL TERM
Topical Term Novel
942 ## - ADDED ENTRY ELEMENTS (KOHA)
Koha item type Books
Holdings
Withdrawn status Lost status Damaged status Not for loan Home library Current library Date acquired Cost, normal purchase price Full call number Accession Number Price effective from Koha item type
        MACL MACL 31/10/2023 399.00 823/AMI DPI001481 31/10/2023 Books
        MACL MACL 29/12/2023 399.00 823/AMI DPI001943 29/12/2023 Books